Tratado de antropología de lo sagrado : el hombre indoeuropeo y lo sagrado /

Análisis sobre el ser humano como sujeto de la experiencia de lo sagrado y sus relaciones con lo que le trasciende, basado en la fenomenología y la antropología. El ser humano como creador y utilizador del conjunto simbólico de lo sagrado y portador de unas creencias religiosas que rigen su vida y s...

Cijeli opis

Spremljeno u:
Bibliografski detalji
Glavni autor: Ries, Julien (coord. y pref.)
Daljnji autori: Martín Pindado, Vicente (traducción) (traducción), Tabuyo Ortega, María (traducción) (traducción), López Tobajas, Agustín (traducción) (traducción)
Format: Knjiga
Jezik:španjolski
Izdano: Madrid, España : Trotta, 1995, c1995
Serija:(Paradigmas. Biblioteca de Ciencias de las Religiones ; 7)
Teme:
Oznake: Dodaj oznaku
Bez oznaka, Budi prvi tko označuje ovaj zapis!

MARC

LEADER 00000nam^a2200000^a^4500
001 000380782
005 20250521000000.0
009 20260310120619.919
020 |a 84-8164-049-2 
020 |a 84-8164-047-6 
037 |a Acervo Xavier Clavigero 
041 |a ESP 
082 |a 306. 6  |b RIE V. 2 
100 |a Ries, Julien  |e (coord. y pref.) 
240 1 1 |a [Tratado de antropología de lo sagrado] 
245 1 0 |a Tratado de antropología de lo sagrado :  |b el hombre indoeuropeo y lo sagrado /  |c Coord. y pref. de J. Ries ; tr. por V. Martín Pindado, M. Tabuyo Ortega, A. López Tobajas. 
264 4 |a Madrid, España :  |b Trotta,  |c 1995, c1995 
300 |a 382 p. 
336 |a texto  |b txt  |2 rdacontenido 
337 |a sin mediación  |b n  |2 rdamedio 
338 |a volumen  |b nc  |2 rdasoporte 
440 1 |a (Paradigmas.  |p Biblioteca de Ciencias de las Religiones ;  |v 7) 
500 |a Traducción de: Trattato di antropologia del sacro volume II: L'uomo indoeuropeo e il sacro 
520 |a Análisis sobre el ser humano como sujeto de la experiencia de lo sagrado y sus relaciones con lo que le trasciende, basado en la fenomenología y la antropología. El ser humano como creador y utilizador del conjunto simbólico de lo sagrado y portador de unas creencias religiosas que rigen su vida y su conducta es el motivo de estudio del primer tomo, en tanto el segundo está enfocado al pensamiento y experiencia religiosas de los pueblos indoeuropeos arcaicos, entre los que se cuentan los grupos de la India, el Irán antiguo, los celtas, germanos, escandinavos, eslavos y baltos. El tercero, examina la experiencia de lo sagrado como la vivieron los pueblos y comunidades del antiguo Oriente próximo, la Europa mediterránea, y las regiones del Africa septentrional, antes de la expansión del cristianismo. El cuarto tomo está dedicado al estudio de las crisis, rupturas y mutaciones ocurridas a lo largo de la historia religiosa de la humanidad, examinando con particular atención el papel que en ellas desempeñó el hombre. La quinta entrega tiene como objeto de estudio la especificidad de la antropología de lo sagrado en la experiencia bíblica judíca, cristiana y musulmana. 
649 |a XX 
650 |a Celtas -  |x Historia 
650 |a Nórdicos -  |x Historia 
650 |a Escandinavos -  |x Historia 
650 |a Tribus Germánicas -  |x Historia 
650 |a Baltos -  |x Historia 
650 |a Eslavos -  |x Historia 
650 |a Religión -  |z India -  |x Historia 
650 |a Religión -  |z Irán -  |x Historia 
650 |a Religión -  |z Europa -  |x Historia 
650 |a Lo Sagrado -  |x Tema Principal 
650 |a Prácticas Culturales 
650 |a Historia Antigua 
650 |a Sociología de la Religión -  |x Tema Principal 
650 |a Sociología de la Cultura 
650 |a Antropología Cultural 
700 |a Martín Pindado, Vicente  |e (traducción) 
700 |a Tabuyo Ortega, María  |e (traducción) 
700 |a López Tobajas, Agustín  |e (traducción) 
910 |a Fondo General 
920 |a Impresos - Libros 
930 |a Colección General 
905 |a 101 
901 |a 070726  |b IT1  |c ACC  |u 20250521 
901 |a 0500275424  |b IT1  |c ACC  |i FXC C1426  |u 20250521 
902 |a https://opac.biblio.iteso.mx/vufind/Record/000380782